Eastern Utah Libraries Catalog: Duchesne, Heber, Roosevelt, & Vernal

Love in the Library. (Record no. 370547)

MARC details
000 -LEADER
fixed length control field 00679nam a22002655a 4500
001 - CONTROL NUMBER
control field in502938413
005 - DATE AND TIME OF LATEST TRANSACTION
control field 20220223095125.0
008 - FIXED-LENGTH DATA ELEMENTS--GENERAL INFORMATION
fixed length control field 211115s2022 |||| ||| ||||||| ||
020 ## - INTERNATIONAL STANDARD BOOK NUMBER
International Standard Book Number 9781536204308
Terms of availability $18.99
020 ## - INTERNATIONAL STANDARD BOOK NUMBER
International Standard Book Number 1536204307
Terms of availability $18.99
040 ## - CATALOGING SOURCE
Description conventions rda
050 ## - LIBRARY OF CONGRESS CALL NUMBER
Classification number E
082 ## - DEWEY DECIMAL CLASSIFICATION NUMBER
Classification number E
092 ## - LOCALLY ASSIGNED DEWEY CALL NUMBER (OCLC)
Classification number E
100 1# - MAIN ENTRY--PERSONAL NAME
Personal name Tokuda-Hall, Maggie.
9 (RLIN) 6359118
245 10 - TITLE STATEMENT
Title Love in the Library.
260 ## - PUBLICATION, DISTRIBUTION, ETC. (IMPRINT)
Name of publisher, distributor, etc Candlewick Press (MA)
Date of publication, distribution, etc 20220111.
264 ## - Production, Publication, Distribution, Manufacture, and Copyright Notice.
Place of production, publication, distribution, manufacture Somerville, Massachusetts
Name of producer, publisher, distributor, manufacturer Candlewick Press (MA)
Date of production, publication, distribution, manufacture, or copyr 20220111.
300 ## - PHYSICAL DESCRIPTION
Extent 32 pages
907 ## - LOCAL DATA ELEMENT G, LDG (RLIN)
a .b460701046
942 ## - ADDED ENTRY ELEMENTS (KOHA)
Source of classification or shelving scheme Dewey Decimal Classification
Koha item type BOOK
Holdings
Withdrawn status Lost status Source of classification or shelving scheme Damaged status Not for loan Collection code Home library Current library Shelving location Date acquired Source of acquisition Total Checkouts Total Renewals Full call number Barcode Date last seen Date checked out Cost, replacement price Price effective from Koha item type
    Dewey Decimal Classification     Children NonFiction Wasatch County Library Wasatch County Library Main Floor Childrens Area 03/01/2022 Micromarketing 7 5 E History Tok 34301001823063 03/06/2025 11/21/2024 18.99 03/01/2022 BOOK
This project was made possible through a grant from the Institute of Museum and Library Service administered by the Utah State Library Division.

Wasatch County Library

  • 465 East 1200 South, Heber City, Utah 84032
  • Phone 435-654-1511 | Fax 435-654-6456

Hours

  • Monday - Friday 9:30 AM - 8:00 PM
  • Saturday 9:30 AM - 1:30 PM
  • Closed Sundays and Holidays